| 000 | 00595nam a2200217 a 4500 | ||
|---|---|---|---|
| 008 | |||
| 020 | _a9781412974943 (pbk.) | ||
| 049 | _aMAIN | ||
| 090 |
_aQA276.A2 _bKRE |
||
| 100 | 1 | _aKremelberg, David. | |
| 245 | 1 | 0 |
_aPractical statistics / _cDavid Kremelberg. |
| 260 |
_aLos Angeles : _bSage, _c2011. |
||
| 300 |
_axiv, 513 p. : _bill. ; _c23 cm. |
||
| 500 | _aIncludes index. | ||
| 650 | 0 | _aStatistics. | |
| 907 |
_a.b10389489 _b06-03-18 _c22-02-18 |
||
| 003 | |||
| 005 | 20260310161952.0 | ||
| 040 | _cNUST | ||
| 942 |
_cBOOKS _kQA276.A2 _mKRE _02 |
||
| 999 |
_c167510 _d167510 |
||